000 00510nam a22001817a 4500
003 UA-OsUOA
001 25606
007 ta
008 20040329b un ||||| |||| 00| 0 ukr d
100 _aІваненко Л.
942 _cSA
040 _aUA-OsUOA
_cUA-OsUOA
_dUA-OsUOA
245 _aБіля джерел української інформатики
300 _aС.148-160
955 _a0
773 0 _w0
_tСучасність
_dКиїв
_d2004
_g№3
650 7 _aХудожня література
_2UDC
999 _c311904
_d311904